Τα σωστά ελληνικά : στην εκπαίδευση, στην τηλεόραση-ραδιοφωνία, στην επιστήμη, στον τύπο, στη δημόσια διοίκηση, στην επαγγελματική ζωή, στην ομιλία και στη γραφή
Αποθηκεύτηκε σε:
| Κύριος συγγραφέας: | |
|---|---|
| Μορφή: | Βιβλίο |
| Γλώσσα: | Greek |
| Δημοσίευση: |
Αθήνα :
Φιλιππότη,
1987
|
| Έκδοση: | 2η έκδ., αναθ. |
| Σειρά: | Κριτική-μελετήματα ;
; 24 |
| Θέματα: | |
| Ετικέτες: |
Προσθήκη ετικέτας
Δεν υπάρχουν, Καταχωρήστε ετικέτα πρώτοι!
|
MARC
| LEADER | 00000nam a2200000 i 4500 | ||
|---|---|---|---|
| 001 | 1/64575 | ||
| 008 | 960528s1987 gre d | ||
| 035 | |a 1989 |b 2 |c Δωρεά |l 10029450 | ||
| 040 | |a GR-MY-UA |b gre |e aacr | ||
| 041 | 0 | |a gre | |
| 082 | 0 | |a 489.3 | |
| 100 | 1 | |a Καρζής, Θόδωρος. | |
| 245 | 1 | 3 | |a Τα σωστά ελληνικά : |b στην εκπαίδευση, στην τηλεόραση-ραδιοφωνία, στην επιστήμη, στον τύπο, στη δημόσια διοίκηση, στην επαγγελματική ζωή, στην ομιλία και στη γραφή / |c Θ.Καρζή |
| 250 | |a 2η έκδ., αναθ. | ||
| 260 | |a Αθήνα : |b Φιλιππότη, |c 1987 | ||
| 300 | |a 304 σ. | ||
| 490 | 1 | |a Κριτική-μελετήματα |v ; 24 | |
| 504 | |a Περιλαμβάνει ευρετήριο | ||
| 650 | 0 | 0 | |a Greek language, Modern |x Usage. |
| 650 | 0 | 0 | |a Greek language, Modern |x Grammar. |
| 650 | 0 | 0 | |a Greek language |x History. |
| 830 | 0 | |a Κριτική-μελετήματα ; |v ; 24 | |
| 852 | |a INST |b CHIOS |e 19960611 |h 489.3 ΚΑΡ |p 005200002013 |q 005200002013 |t BK |y 0 | ||
| 852 | |a INST |b RHODES |e 19960528 |h 489.3 ΚΑΡ |p 005400003265 |q 005400003265 |t BK |y 0 | ||
| 909 | |a Χ |b 018371 | ||
| 909 | |a Ρ |b 014761 |c 1989 | ||